Harper. Bioquímica ilustrada (Registro nro. 153895)
[ vista simple ]
| 000 -LEADER | |
|---|---|
| fixed length control field | 00826nam a22002417a 4500 |
| 005 - DATE AND TIME OF LATEST TRANSACTION | |
| control field | 20200204094103.0 |
| 008 - FIXED-LENGTH DATA ELEMENTS--GENERAL INFORMATION | |
| fixed length control field | 110629t mx||||| |||| 00| 0 spa d |
| 020 ## - INTERNATIONAL STANDARD BOOK NUMBER | |
| International Standard Book Number | 9786071503046 |
| 050 04 - LIBRARY OF CONGRESS CALL NUMBER | |
| Classification number | QP514.2 |
| Item number | H37 2018 |
| 130 0# - MAIN ENTRY--UNIFORM TITLE | |
| Uniform title | Harper´s Illustrated Biochemistry |
| Language of a work | Español |
| 245 00 - TITLE STATEMENT | |
| Title | Harper. Bioquímica ilustrada |
| Statement of responsibility, etc | / Rodwell, Victor W...[et al.] ; traducción Miramar Outsourcing |
| 246 10 - VARYING FORM OF TITLE | |
| Title proper/short title | Bioquímica ilustrada |
| 250 ## - EDITION STATEMENT | |
| Edition statement | 3a ed. |
| 260 ## - PUBLICATION, DISTRIBUTION, ETC. (IMPRINT) | |
| Place of publication, distribution, etc | México : |
| Name of publisher, distributor, etc | McGraw-Hill Interamericana Editores, |
| Date of publication, distribution, etc | 2018 |
| 300 ## - PHYSICAL DESCRIPTION | |
| Extent | xii, 687 p. : |
| Other physical details | il. ; |
| Dimensions | 28 cm. |
| 490 0# - SERIES STATEMENT | |
| Series statement | Lange medical book |
| 490 0# - SERIES STATEMENT | |
| Series statement | McGraw-Hill Educación |
| 500 ## - GENERAL NOTE | |
| General note | Tomado de la 31a ed. en ingles |
| 504 ## - BIBLIOGRAPHY, ETC. NOTE | |
| Bibliography, etc | Incluye apéndice, bibliografía e índice |
| 650 #7 - SUBJECT ADDED ENTRY--TOPICAL TERM | |
| Source of heading or term | lemb |
| Topical term or geographic name as entry element | Bioquímica |
| 700 1# - ADDED ENTRY--PERSONAL NAME | |
| Personal name | Rodwell, Victor |
| Relator term | autor |
| 700 1# - ADDED ENTRY--PERSONAL NAME | |
| Personal name | Kennelly, Peter J., |
| Relator term | autor |
| 700 1# - ADDED ENTRY--PERSONAL NAME | |
| Personal name | Botham, Kathleen M. |
| Relator term | autor |
| 710 1# - ADDED ENTRY--CORPORATE NAME | |
| Corporate name or jurisdiction name as entry element | Miramar Outsourcing |
| Relator term | traductor |
| 942 ## - ADDED ENTRY ELEMENTS (KOHA) | |
| Source of classification or shelving scheme | Biblioteca del Cogreso de los Estados Unidos |
| Koha item type | Libro |
| Estado de pérdida | Fuente de clasificación | Estado del daño | No para préstamo | Ubicación permanente | Ubicación actual | Apartado o colección | Fecha de adquisición | Edición | Área del conocimiento | Clasificación | Código de Barras | Date last seen | Número de copia | Costo por reposición | Tipo de recurso |
|---|---|---|---|---|---|---|---|---|---|---|---|---|---|---|---|
| Biblioteca del Cogreso de los Estados Unidos | Biblioteca de la Preparatoria Isaac Arriaga | Biblioteca de la Preparatoria Isaac Arriaga | General | 27/01/2020 | 31a ed. | Ciencias Naturales y Exactas | QP514.2 H37 2018 | PIA000005157 | 27/01/2020 | 1 | 1.00 | Libro | |||
| Biblioteca del Cogreso de los Estados Unidos | Biblioteca de la Preparatoria Isaac Arriaga | Biblioteca de la Preparatoria Isaac Arriaga | General | 27/01/2020 | 31a ed. | Ciencias Naturales y Exactas | QP514.2 H37 2018 | PIA000005158 | 27/01/2020 | 2 | 1.00 | Libro |